00790nam a2200217 a 450000100060000000300080000600500170001400800410003102000150007203500200008704000350010704100080014208200270015010000300017724500700020726001130027730000350039050400520042565000390047765100560051664254BD-RJUL20211209081303.0170212s1972 cau b 001 0 eng d a0804701520 a(BD-RJUL) 64384 aBD-RJULcBD-RJULdBD-RJULbeng aeng 223a940.5337bWAD 19721 aWarmbrunn, Werner,d1920-14aThe Dutch under German occupation, 1940-1945 /cWerner Warmbrunn. aStanford, Calif. ;bStanford University Press ;aLondon :bOxford University Press,cc1963 [Reprinted 1972]. axiii, 338 p. :bill. ;c24 cm. aIncludes index and bibliographical references . 0aWorld War, 1939-1945zNetherlands. 0aNetherlandsxHistoryyGerman occupation, 1940-1945.